| 000 | 01464nam a2200337 c 4500 | ||
|---|---|---|---|
| 003 | BLK | ||
| 005 | 20180422103637.0 | ||
| 008 | 180408b bul|||||r ||||||| ||bul|| | ||
| 010 | _aKNG00081660000 | ||
| 020 |
_a978-954-327-041-5 _bиздат.: Класика и Стил |
||
| 040 | _aBLK | ||
| 041 |
_aBUL _cBUL |
||
| 080 |
_aМашини и устройства за обработка на данни. Вж и 003 ; 007 ; 621.391 ; 65.011.56 _b681.3 _x.008 _z681.3.008 |
||
| 080 |
_aМетоди на управление. Мениджмънт. Анализи, планиране, ръководство, сътрудничество, контрол, коопериране и др. _b005.5 _x _z005.5 |
||
| 100 | 1 |
_aСариев, Иван _eпърви автор _9371987 |
|
| 139 |
_aСариев, Иван _bС 20 |
||
| 245 | 1 | 0 |
_aМениджмънт на информацията _cИван Сариев. |
| 257 | _aBGR | ||
| 260 |
_аСофия _bКласика и Стил _c2008 _fВ. Търново : Абагар |
||
| 300 |
_a275 с. _c24 см |
||
| 380 | _a62 | ||
| 650 | 4 |
_aИнформационни и комуникационни технологии _9242390 |
|
| 650 | 4 |
_aМениджмънт _9161870 |
|
| 653 | _aинформационни технологии | ||
| 653 | _aмениджмънт | ||
| 852 | _aЦб 238522 | ||
| 856 | 4 |
_qpdf _u |
|
| 856 | 4 |
_qpdf _u |
|
| 942 |
_cKNG _n0 |
||
| 944 |
_aCR _c21.02.2008 _kГеновева_Генчева |
||
| 944 |
_aED _c16.06.2009 _k |
||
| 999 |
_c77208 _d77208 |
||